how many things - Sabrina Carpenter - Statistics

General Stats
  • This quiz has been taken 100 times
  • The average score is 266 of 325
Answer Stats
Hint Answer % Correct
I
100%
a
97%
Verse 1 You
97%
you
97%
you,
97%
are
92%
for
92%
on
92%
out
92%
to
92%
us
92%
used
92%
everywhere
90%
fork
90%
forks
90%
how
90%
It
90%
it,
90%
it
90%
many
90%
once
90%
once?
90%
turns
90%
about
87%
fuckin'
87%
get
87%
me
87%
things
87%
think
87%
We
87%
we
87%
Your
87%
your
87%
And
85%
and
85%
before
85%
Before,
85%
I'm
85%
im
85%
of
85%
the
85%
do,
82%
in
82%
no
82%
wonder
82%
Outro Wonder
82%
is
79%
my
79%
thought
79%
thought?
79%
when
79%
can't
77%
it's
77%
well
77%
Well,
77%
between
74%
from
74%
not
74%
make
72%
roof
72%
there
72%
There's
72%
too
72%
up
72%
were
72%
came
69%
doesn't
69%
down
69%
find
69%
habit
69%
sat
69%
so
69%
anywhere
67%
Conversation
67%
corner
67%
established
67%
excuses
67%
got
67%
help
67%
like
67%
made
67%
mind
67%
That
67%
trying
67%
wanna
67%
consider
64%
just
64%
matter
64%
Pre-Chorus Oh,
64%
Verse 2 Remember
64%
still
64%
took
64%
ways
64%
Bridge Am
62%
constantly
62%
feel
62%
hiding
62%
left
62%
myself
62%
stayed
62%
sun
62%
talked
62%
until
62%
want
62%
wish
62%
even
59%
fallin'
59%
further
59%
priorities
59%
bad
56%
sympathy
56%
falling
54%
hurt
54%
hurting
54%
much
54%
second
54%
never
51%
really
51%
sense
51%
whether
49%
No matching quizzes found
Score Distribution
Percent of People with Each Score
Percentile by Number Answered
Your Score History
You have not taken this quiz